00351 2200145 4500001002100000005001500021035002000036245005700056100002700113300001200140260001900152082000800171084001400179990001200193INLIS00000000000206120250527093530 a0010-05250003531 aMakin Cantik Dengan Jilbab /cDr.Muh Fahdats-Tsuwani0 aDr.Muh Fahdats-Tsuwani a118 hlm bMumtaza,c2007 a813 a813 DR. m a0712496